000 00397 a2200133 4500
001 91515
082 _aPR 1471
090 _c43649
_d43648
100 _aFakhar Abbas; Prof Nadeem Lehraseb, Advisor
245 _aTo modify ADFwith The Capabilities of Receiving Airport Information and Radar Tracks
_n58 "B" EC
260 _aRawalpindi
_bNUST
_c2003
300 _a50p
500 _aBE Project Reports
942 _aCAE NUST
_kPR 1471
999 _c326588
_d326588